000
00318nam a22001337a 4500
008
190306b xxu||||| |||| 00| 0 eng d
020
_a
9780735615779
041
_a
eng
080
_a
004
100
_a
28
101
_a
SHK
245
_a
Active Directory for Microsoft Windows server 2003
_c
Reimer,S
942
_2
udc
_c
BK
999
_c
54611
_d
54611